000
00328nam a22001577a 4500
003
SGT
020
_a
978-81-265-0833-4
082
_a
384.51
_b
PRA
100
_a
PRATT,TIMOTHY
245
_a
SATELITE COMMUNICATIONS.
250
_a
2ND
260
_a
NEW DELHI
_b
WILLEY
_c
2017
300
_a
536
650
_a
ECE
942
_2
ddc
_c
BK
999
_c
14041
_d
14041